000 00343 a2200157 4500
001 154664
040 _cEscola São Tomás de Aquino
100 _aRIBEIRO, Regina Helena de Araújo
240 1 0 _aBandeirantes
_lpor
245 1 0 _aBandeirantes
300 _a87
362 0 _a2004
440 1 _aSaraiva
697 _aHISTÓRIA
942 _cBK
999 _c154664
_d154664